Úvod

Guardado en:
Detalles Bibliográficos
Autor principal: Kvapil, Roman, 1971-
Formato: Capítulo de libro
Lenguaje:eslovaco
Etiquetas: Agregar Etiqueta
Sin Etiquetas, Sea el primero en etiquetar este registro!

MARC

LEADER 00000nla$a2200000$$$4500
001 0243722
005 20240502073940.2
041 0 |a slo 
044 |a SK 
245 1 0 |a Úvod  |c Roman Kvapil 
100 1 |a Kvapil, Roman, 1971-